World Capitals by Continent - Statistics

General Stats
  • This quiz has been taken 22 times
  • The average score is 69 of 196
Answer Stats
Continent Answer % Correct
Africa Cairo
71%
North America Washington D.C.
71%
Africa Algiers
57%
Asia Amman
57%
Europe Amsterdam
57%
Europe Athens
57%
Asia Beijing
57%
South America Brasilia
57%
Europe Bucharest
57%
Europe Budapest
57%
South America Buenos Aires
57%
Oceania Canberra
57%
North America Mexico City
57%
Africa Nairobi
57%
Africa Pretoria / Cape Town / Bloemfontein
57%
North America Saint John's
57%
Asia Tokyo
57%
Africa Tunis
57%
Europe Vatican City
57%
Oceania Wellington
57%
Africa Yaounde
57%
Asia Abu Dhabi
43%
Africa Abuja
43%
Africa Accra
43%
Africa Addis Ababa
43%
Europe Andorra la Vella
43%
Asia Ankara
43%
Africa Antananarivo
43%
Oceania Apia
43%
Africa Asmara
43%
South America Asunción
43%
Africa Bamako
43%
Africa Bangui
43%
Africa Banjul
43%
North America Basseterre
43%
North America Belmopan
43%
Europe Berlin
43%
Asia Bishkek
43%
Africa Bissau
43%
South America Bogotá
43%
Africa Brazzaville
43%
North America Bridgetown
43%
Europe Brussels
43%
South America Caracas
43%
Africa Conakry
43%
Europe Copenhagen
43%
Africa Dakar
43%
Europe Dublin
43%
Africa Gaborone
43%
South America Georgetown
43%
North America Guatemala City
43%
Europe Helsinki
43%
Asia Jerusalem
43%
Asia Kuala Lumpur
43%
South America La Paz / Sucre
43%
South America Lima
43%
Europe London
43%
Europe Madrid
43%
Asia Manila
43%
Europe Minsk
43%
Europe Monaco
43%
South America Montevideo
43%
North America Nassau
43%
Asia New Delhi
43%
Europe Oslo
43%
North America Ottawa
43%
North America Panama City
43%
Europe Paris
43%
Africa Porto Novo
43%
South America Quito
43%
Europe Rome
43%
North America Saint George's
43%
Asia Sana'a
43%
North America San Jose
43%
Europe San Marino
43%
South America Santiago
43%
North America Santo Domingo
43%
Europe Sarajevo
43%
Oceania South Tarawa
43%
Europe Stockholm
43%
Europe Tallinn
43%
North America Tegucigalpa
43%
Africa Tripoli
43%
Asia Ulaanbaatar
43%
Africa Victoria
43%
Europe Vienna
43%
Africa Yamoussoukro
43%
Oceania Yaren
43%
Asia Yerevan
43%
Asia Ashgabat
29%
Asia Baghdad
29%
Asia Baku
29%
Asia Bandar Seri Begawan
29%
Asia Bangkok
29%
Asia Beirut
29%
Europe Belgrade
29%
Europe Bern
29%
Europe Bratislava
29%
North America Castries
29%
Asia Dhaka
29%
Africa Djibouti
29%
Africa Dodoma
29%
Africa Freetown
29%
Oceania Funafuti
29%
Africa Gitega
29%
North America Havana
29%
Oceania Honiara
29%
Asia Islamabad
29%
Asia Jakarta
29%
Africa Juba
29%
Africa Kampala
29%
Africa Khartoum
29%
Europe Kiev
29%
Africa Kigali
29%
North America Kingston
29%
North America Kingstown
29%
Africa Kinshasa
29%
Africa Libreville
29%
Africa Lilongwe
29%
Europe Lisbon
29%
Europe Ljubljana
29%
Africa Lomé
29%
Africa Luanda
29%
Africa Lusaka
29%
Europe Luxembourg
29%
Oceania Majuro
29%
Africa Malabo
29%
North America Managua
29%
Africa Maputo
29%
Africa Maseru
29%
Africa Mbabane
29%
Africa Mogadishu
29%
Africa Monrovia
29%
Africa Moroni
29%
Europe Moscow
29%
Asia Muscat
29%
Africa N'Djamena
29%
Oceania Ngerulmud
29%
Africa Niamey
29%
Africa Nouakchott
29%
Oceania Nuku'alofa
29%
Asia Nur-Sultan
29%
Oceania Palikir
29%
South America Paramaribo
29%
North America Port au Prince
29%
Africa Port Louis
29%
Oceania Port Moresby
29%
North America Port of Spain
29%
Oceania Port Vila
29%
Africa Praia
29%
Asia Pyongyang
29%
Africa Rabat
29%
Europe Reykjavik
29%
Europe Riga
29%
Asia Riyadh
29%
North America Roseau
29%
North America San Salvador
29%
Africa São Tomé
29%
Asia Seoul
29%
Asia Singapore
29%
Europe Skopje
29%
Europe Sofia
29%
Oceania Suva
29%
Asia Taipei
29%
Asia Tashkent
29%
Asia Tbilisi
29%
Asia Tehran
29%
Asia Thimphu
29%
Europe Tirana
29%
Europe Vaduz
29%
Europe Valletta
29%
Asia Vientiane
29%
Europe Vilnius
29%
Europe Warsaw
29%
Africa Windhoek
29%
Europe Zagreb
29%
Europe Chișinău
14%
Asia Damascus
14%
Asia Dili
14%
Asia Doha
14%
Asia Dushanbe
14%
Asia Hanoi
14%
Africa Harare
14%
Asia Kabul
14%
Asia Kathmandu
14%
Asia Kuwait City
14%
Asia Malé
14%
Asia Manama
14%
Asia Naypyidaw
14%
Asia Nicosia
14%
Africa Ouagadougou
14%
Asia Phnom Penh
14%
Europe Podgorica
14%
Europe Prague
14%
Europe Pristina
14%
Asia Sri Jayawardenapura Kotte
14%
No matching quizzes found
Score Distribution
Percent of People with Each Score
Percentile by Number Answered
Your Score History
You have not taken this quiz